[Event "Niedersachsen-ch op-C"]
[Site "Verden"]
[Date "2013.01.04"]
[Round "3"]
[White "Mayen, Paul"]
[Black "Laubrock, Johannes"]
[Result "1-0"]
[WhiteElo "1314"]
[BlackElo "733"]
[PlyCount "59"]
[EventDate "2013.01.03"]
[EventType "swiss"]
[EventRounds "7"]
[EventCountry "GER"]
[SourceTitle "EXT 2021"]
[Source "ChessBase"]
[SourceDate "2020.10.23"]
[SourceVersion "1"]
[SourceVersionDate "2020.10.23"]
[SourceQuality "1"]

1. e4 e5 2. Nf3 Nc6 3. d4 d6 4. d5 Nb8 5. Be2 Bg4 6. 0-0 c6 7. c4 Nf6 8. Bg5 Be7 9. Nc3 Nbd7 10. Nh4 h5 11. f3 Nh7 12. fxg4 Bxg5 13. Nf5 Nhf6 14. Nxd6+ Kf8 15. gxh5 Nc5 16. dxc6 bxc6 17. b4 Na6 18. a3 g6 19. hxg6 fxg6 20. c5 Bf4 21. g3 Be3+ 22. Kg2 Qd7 23. Rxf6+ Kg7 24. Rf7+ Qxf7 25. Nxf7 Kxf7 26. Qd7+ Kf6 27. Rf1+ Kg5 28. h4+ Kh6 29. g4 g5 30. Rf6# 1-0

[Event "Niedersachsen-ch op-C"]
[Site "Verden"]
[Date "2013.01.03"]
[Round "2"]
[White "Von Muenchhausen, Joerg"]
[Black "Mayen, Paul"]
[Result "1-0"]
[WhiteElo "1821"]
[BlackElo "1314"]
[PlyCount "77"]
[EventDate "2013.01.03"]
[EventType "swiss"]
[EventRounds "7"]
[EventCountry "GER"]
[SourceTitle "EXT 2021"]
[Source "ChessBase"]
[SourceDate "2020.10.23"]
[SourceVersion "1"]
[SourceVersionDate "2020.10.23"]
[SourceQuality "1"]

1. d4 Nf6 2. Bg5 e6 3. e4 Be7 4. Bxf6 Bxf6 5. e5 Bg5 6. Nf3 0-0 7. Bd3 f5 8. h4 Bh6 9. Nbd2 c6 10. Qe2 Qa5 11. Ng5 b5 12. Qh5 Qb4 13. 0-0-0 Qxd4 14. Qe2 a5 15. Ndf3 Qb6 16. Rdg1 Ba6 17. g4 b4 18. gxf5 Rxf5 19. Kb1 Bxd3 20. cxd3 a4 21. Rg4 a3 22. b3 Na6 23. Nd4 Rff8 24. Qe4 Rxf2 25. Qxh7+ Kf8 26. Qh8+ Ke7 27. Qxa8 Rf8 28. Qxf8+ Kxf8 29. Rf1+ Ke7 30. Rf7+ Kd8 31. Rf8+ Kc7 32. Rgf4 g6 33. R8f7 Nc5 34. Ndxe6+ Nxe6 35. Nxe6+ Kb8 36. Nf8 Bxf4 37. Nxd7+ Ka7 38. Nxb6+ Kxb6 39. Rxf4 1-0

[Event "Hannover-ch U16/18"]
[Site "Lehrte"]
[Date "2011.10.17"]
[Round "6"]
[White "Mayen, Paul"]
[Black "Renzelmann, Jannis"]
[Result "1-0"]
[WhiteElo "1086"]
[BlackElo "1048"]
[PlyCount "67"]
[EventDate "2011.10.15"]
[EventType "swiss"]
[EventRounds "7"]
[EventCountry "GER"]
[SourceTitle "EXT 2021"]
[Source "ChessBase"]
[SourceDate "2020.10.23"]
[SourceVersion "1"]
[SourceVersionDate "2020.10.23"]
[SourceQuality "1"]

1. e4 e5 2. Bc4 Nf6 3. d3 Bc5 4. Nc3 0-0 5. h3 d6 6. Na4 Nc6 7. Nxc5 dxc5 8. f4 Bd7 9. Nf3 Re8 10. f5 Nd4 11. c3 Nxf3+ 12. Qxf3 b5 13. Bb3 Qe7 14. g4 h6 15. g5 hxg5 16. Bxg5 a5 17. h4 a4 18. Bc2 Qd6 19. h5 Kh7 20. h6 Rh8 21. Qg3 Kg8 22. 0-0-0 g6 23. fxg6 Bg4 24. Rdf1 Nxe4 25. dxe4 Be6 26. gxf7+ Kf8 27. Bf6 Bxf7 28. Bxh8 Qe6 29. Qg7+ Ke7 30. Qxe5 Qxe5 31. Bxe5 Bxa2 32. h7 a3 33. h8Q axb2+ 34. Kxb2 1-0

[Event "Hannover-ch U14"]
[Site "Bueckeburg"]
[Date "2007.11.04"]
[Round "7"]
[White "Deni, Kai"]
[Black "Mayen, Paul"]
[Result "0-1"]
[WhiteElo "754"]
[BlackElo "953"]
[PlyCount "64"]
[EventDate "2007.11.01"]
[EventType "swiss"]
[EventRounds "7"]
[EventCountry "GER"]
[SourceTitle "EXT 2021"]
[Source "ChessBase"]
[SourceDate "2020.10.23"]
[SourceVersion "1"]
[SourceVersionDate "2020.10.23"]
[SourceQuality "1"]

1. e4 e5 2. Nf3 d6 3. Bc4 Nf6 4. d3 Be6 5. b3 Nc6 6. Nc3 Be7 7. Nd5 Bxd5 8. exd5 Nd4 9. Nxd4 exd4 10. 0-0 0-0 11. Bg5 h6 12. Bxf6 Bxf6 13. Re1 Be5 14. h3 Re8 15. Bb5 Re7 16. Re2 a6 17. Bc4 b5 18. Bxb5 axb5 19. c4 Ra5 20. a4 bxc4 21. bxc4 Qd7 22. f3 c6 23. dxc6 Qxc6 24. Rb2 d5 25. cxd5 Qxd5 26. Rab1 Re8 27. Qb3 Qxb3 28. Rxb3 Rxa4 29. Rb4 Rxb4 30. Rxb4 Rc8 31. f4 Bxf4 32. Rxd4 Be3+ 0-1